01168nam a2200205 a 450000100100000000500170001000800410002704000250006808200160009311001100010924500330021926000370025230000350028995201290032495201290045395201290058295201140071195201200082599900170094500003117720200930062743.0110415s2007 dr a r 000 0 spa d aDO-SdBNPbspacBNPHU axxxxbR426o1 aCentro de Capacitación en Política y Gestión Fiscal de la Secretaría de Estado de Hacienda95765110aInforme gestión 2004-2007. aSanto Domingo :bCAPGEFI,c2007. a77 p. :bil., retrs. ;c28 cm. 001054708DSaGRbGRcHDd2011-06-14iLF1l0oxxxx R426op31177-30r2020-06-25te. 3w2020-06-25yLFDSZPréstamo en sala 001054708DSaGRbGRcHDd2011-06-14iLF1l0oxxxx R426op31177-40r2020-06-25te. 4w2020-06-25yLFDSZPréstamo en sala 001054708DSaGRbGRcHDd2011-06-14iLF1l0oxxxx R426op31177-50r2020-06-25te. 5w2020-06-25yLFDSZPréstamo en sala 0010718PDaPDbPDcHDd2011-06-14iLF1l0oxxxx R426op31177-10r2020-06-25w2020-06-25yLFPDZNo se presta 0010718PDaPDbPDcHDd2011-06-14iLF1l0oxxxx R426op31177-20r2020-06-25te. 2w2020-06-25yLFPDZNo se presta c30669d30669